| 000 | 01254nam a22003737a 4500 | ||
|---|---|---|---|
| 003 | CHAP | ||
| 005 | 20220329135909.0 | ||
| 008 | 971013s1984 r 00010 d | ||
| 010 | _a43850 | ||
| 011 | _a44822 | ||
| 035 | _a48961 | ||
| 040 | _cCHAP | ||
| 090 | _aTesis | ||
| 100 | 0 | 0 |
_aRamírez Alarcón, Samuel. _993848 |
| 245 | _aEntomofauna asociada a malezas de la familia Malcaceae en el Valle de México | ||
| 260 |
_aMéxico, D. F. : _bEl autor, _c1984 |
||
| 300 |
_a99 h. _b; mapas |
||
| 502 | _aTesis (Biólogo) -- UNAM. Facultad de Ciencias | ||
| 590 |
_aALEPH _b10 _c20130110 _lUCH01 _h1312 |
||
| 590 |
_aBATCH-UPD _b10 _c20130109 _lUCH01 _h2318 |
||
| 590 |
_aBATCH-UPD _b10 _c20130110 _lUCH01 _h1911 |
||
| 590 |
_aBATCH-UPD _b10 _c20130409 _lUCH01 _h1840 |
||
| 590 |
_aBATCH-UPD _b10 _c20130410 _lUCH01 _h1238 |
||
| 590 |
_aBATCH-UPD _b10 _c20130914 _lUCH01 _h1650 |
||
| 590 |
_aCONVERSION _b10 _c20130109 _lUCH01 _h1324 |
||
| 650 | 1 | 4 |
_aInteracción huésped-parásito. _959512 |
| 650 | 1 | 4 |
_aMalas hierbas _xValle de México. _970044 |
| 650 | 1 | 4 |
_aMalva parviflora. _970216 |
| 650 | 1 | 4 |
_aMalváceas _xPlagas. _970217 |
| 650 | 1 | 4 |
_aSphaeralcea angustifolia. _9109207 |
| 901 | _aBK | ||
| 942 | _cTESIS | ||
| 949 |
_bBC _cTES _d-110623 _eTS1 _i48961 _si |
||
| 999 |
_c43850 _d43850 |
||